Movies Quiz

Random Movies or Clip Quiz

Movie Themes II Quiz Stats

 Plays Quiz Updated Aug 11, 2016

Also try: Movie Themes
Challenge
Share
Tweet
Score 0/80 Timer 20:00
0 Plays Today
Time Movie % Correct
0:24-0:31Raiders of the Lost Ark
93.3%
1:04-1:10Toy Story
76.5%
3:46-3:52The Jungle Book
73.3%
3:13-3:22E.T.: The Extra-Terrestrial
71.3%
4:43-4:51Rocky
71.3%
0:00-0:06The Breakfast Club
70.3%
5:49-5:56The Wizard of Oz
69.7%
7:07-7:15Harry Potter and the Philosopher's Stone
68.6%
8:22-8:27Grease
68%
6:57-7:01Beauty and the Beast
63.6%
1:51-1:59Back to the Future
60%
0:06-0:13Batman
58.1%
2:56-3:03Pulp Fiction
57.8%
9:05-9:14The Sound of Music
54.9%
2:38-2:47Beverly Hills Cop
51.7%
8:14-8:22Top Gun
50.5%
8:00-8:06Casablanca
48.9%
6:20-6:28Forrest Gump
41.9%
6:28-6:36Schindler's List
41%
9:29-9:37Gladiator
39.4%
5:01-5:11Psycho
36.2%
0:39-0:46Men in Black
34.8%
0:55-1:04Catch Me If You Can
33.4%
1:59-2:07That Thing You Do!
32.2%
2:47-2:56The Bourne Identity
29.4%
7:46-7:53Goldeneye
28.6%
5:56-6:03The Mummy
27.7%
0:13-0:18Police Academy
27.3%
5:27-5:35Amélie
25.8%
2:19-2:25The Magnificent Seven
25.6%
3:38-3:46The Goonies
25.5%
4:16-4:24Ben-Hur
22.9%
7:35-7:46The Shawshank Redemption
20%
4:34-4:43Independence Day
19.4%
2:32-2:38A Clockwork Orange
19.1%
8:51-8:58Twilight
18.2%
1:36-1:44Robocop
16.6%
7:01-7:07A Nightmare on Elm Street
16.2%
5:11-5:20Diamonds Are Forever
15.7%
0:31-0:39Shaun of the Dead
13.7%
Time Movie % Correct
2:07-2:13Galaxy Quest
13.1%
0:46-0:55Bad Boys
11.8%
8:27-8:33The Patriot
11%
7:15-7:21Snatch
10.3%
3:22-3:29Cape Fear
10%
4:24-4:34Sin City
8.7%
9:37-9:42Field of Dreams
8.1%
4:00-4:08A Few Good Men
7.8%
4:08-4:16The Terminal
7.5%
9:14-9:21The Usual Suspects
7.4%
8:33-8:39Scream
7.3%
9:42-9:49Con Air
6.8%
5:35-5:43Escape From New York
6.5%
6:36-6:42Willow
6.4%
1:19-1:28Blood Diamond
5.8%
2:13-2:19Small Soldiers
5.6%
9:21-9:29Cool Hand Luke
5.6%
3:52-4:00Maverick
5.5%
6:11-6:20The Island
5.5%
6:42-6:48Flight of the Navigator
5.5%
5:20-5:27Scrooged
5.5%
0:18-0:24The Right Stuff
5.4%
3:03-3:13Waterworld
5.1%
5:43-5:49Death Becomes Her
5.1%
2:25-2:32The Dark Crystal
5%
8:58-9:05Once Upon a Time In America
4.8%
1:10-1:19The Running Man
4.6%
8:06-8:14The Hours
4.3%
8:39-8:45Highlander
4.1%
1:28-1:36Red Dawn
3.9%
7:53-8:00Body Heat
3.9%
3:29-3:38Judge Dredd
3.4%
1:44-1:51Backdraft
3.3%
7:28-7:35The Fog
3.3%
6:03-6:11Unbreakable
3.2%
8:45-8:51Watership Down
3%
7:21-7:28Bloodsport
3%
4:51-5:01The Shadow
2.8%
9:49-9:58Six-String Samurai
2.1%
6:48-6:57The Skulls
1.6%

You're not logged in!

Compare scores with friends on all Sporcle quizzes.
OR
Log In

You Might Also Like...

Show Comments

Extras

Top Quizzes Today


Score Distribution

Your Account Isn't Verified!

In order to create a playlist on Sporcle, you need to verify the email address you used during registration. Go to your Sporcle Settings to finish the process.

Report this User

Report this user for behavior that violates our Community Guidelines.

Details: